| 000 -CABECERA |
| campo de control de longitud fija |
01428nam a22001937a 4500 |
| 005 - FECHA Y HORA DE LA ÚLTIMA TRANSACCIÓN |
| campo de control |
20260121203658.0 |
| 008 - DATOS DE LONGITUD FIJA--INFORMACIÓN GENERAL |
| campo de control de longitud fija |
260121b ||||fr|||| 00| 0 eng d |
| 020 ## - NÚMERO INTERNACIONAL ESTÁNDAR DEL LIBRO |
| ISBN |
958-33-5042-7 |
| 040 ## - FUENTE DE LA CATALOGACIÓN |
| Centro catalogador/agencia de origen |
CENDOC CAAAP |
| Lengua de catalogación |
spa |
| Centro/agencia transcriptor |
CAAAP |
| 041 ## - CÓDIGO DE LENGUA |
| Código de lengua del texto/banda sonora o título independiente |
spa |
| 050 ## - SIGNATURA TOPOGRÁFICA DE LA BIBLIOTECA DEL CONGRESO |
| Número de clasificación |
Q 127.C6 |
| Número de documento/Ítem |
P35 |
| 245 1# - MENCIÓN DE TÍTULO |
| Título |
Agenda Prospectiva De Ciencia Y Tecnología Amazonas / |
| Mención de responsabilidad, etc. |
Germán Palcio Castañeda(coordinador) |
| 250 ## - MENCIÓN DE EDICIÓN |
| Mención de edición |
1ra edición |
| 260 #1 - PUBLICACIÓN, DISTRIBUCIÓN, ETC. |
| Lugar de publicación, distribución, etc. |
Manizales, Colombia : |
| Nombre del editor, distribuidor, etc. |
Universidad Nacional de Colombia, |
| Fecha de publicación, distribución, etc. |
2003. |
| 300 ## - DESCRIPCIÓN FÍSICA |
| Extensión |
178 páginas : |
| Otras características físicas |
fotografias, |
| Dimensiones |
24 x 18 cm |
| 521 ## - NOTA DE PÚBLICO DESTINATARIO |
| Nota de público destinatario |
La obra aborda la formulación de una agenda prospectiva de ciencia y tecnología para la región amazónica colombiana, partiendo del diagnóstico de la desigual distribución de las capacidades investigativas en el país. Analiza cómo la concentración histórica de la actividad científico-tecnológica en grandes ciudades ha relegado a regiones como la Amazonia y la Orinoquia, y plantea la prospectiva como una herramienta de gestión orientada a reducir estas brechas. En este marco, la agenda busca legitimar la actividad científica y tecnológica, integrar a la Amazonia en los procesos nacionales de producción de conocimiento y fortalecer el desarrollo regional a través de la investigación y la innovación. |
| 650 #0 - PUNTO DE ACCESO ADICIONAL DE MATERIA--TÉRMINO DE MATERIA |
| 9 (RLIN) |
3090 |
| Término de materia o nombre geográfico como elemento de entrada |
Ciencia y Tecnología |
| Subdivisión de forma |
Investigación científica |
| Subdivisión general |
Desarrollo regional |
| Subdivisión geográfica |
Amazonia colombiana |
| 942 ## - ELEMENTOS PERSONALIZADOS KOHA |
| Fuente del sistema de clasificación o colocación |
|
| Fecha de catalogación |
DD - MM - AA |
| Tipo de ítem Koha |
Libros |